Designing and Conducting Ethnographical Research /

Zapisane w:
Opis bibliograficzny
1. autor: LeCompte, Margaret D. (autor)
Kolejni autorzy: Schensul, Jean Jessica (autor) (autor), LeCompte, Margaret D. (edición) (edición), Schensul, Jean Jessica (edición) (edición)
Format: Książka
Język:angielski
Wydane: Walnut Creek, Inglaterra : Altamira, 1999, c1999
Seria:(Ethnographer's Toolkit ; 1)
Hasła przedmiotowe:
Etykiety: Dodaj etykietę
Nie ma etykietki, Dołącz pierwszą etykiete!

MARC

LEADER 00000nam^a2200000^a^4500
001 000267305
005 20250521000000.0
009 20260310110817.855
020 |a 0-7619-8975-7 
037 |a Acervo ITESO - Biblioteca 
041 |a ING 
082 |a 305. 8001  |b LEC V. 1 
100 |a LeCompte, Margaret D.  |e (autor) 
245 1 0 |a Designing and Conducting Ethnographical Research /  |c M.D. LeCompte, J.J. Schensul ; ed. de la serie e introd. de M.D. LeCompte, J.J. Schensul. 
264 4 |a Walnut Creek, Inglaterra :  |b Altamira,  |c 1999, c1999 
300 |a XIX, 220 p. 
336 |a texto  |b txt  |2 rdacontenido 
337 |a sin mediación  |b n  |2 rdamedio 
338 |a volumen  |b nc  |2 rdasoporte 
440 1 |a (Ethnographer's Toolkit ;  |v 1) 
649 |a XX 
650 |a Recolección de Datos 
650 |a Análisis de Datos 
650 |a Etnografía -  |x Teoría 
650 |a Etnografía -  |x Investigación -  |x Metodología -  |x Tema Principal 
650 |a Etnografía -  |x Metodología 
650 |a Investigación -  |x Metodología 
650 |a Ciencias Sociales 
700 |a Schensul, Jean Jessica  |e (autor) 
700 |a LeCompte, Margaret D.  |e (edición) 
700 |a Schensul, Jean Jessica  |e (edición) 
910 |a Fondo General 
920 |a Impresos - Libros 
930 |a Colección General 
905 |a 101 
901 |a 0500150876  |b IT1  |c ACC  |u 20250521 
902 |a https://opac.biblio.iteso.mx/vufind/Record/000267305